000 00288nam a22001217a 4500
008 160521b xxu||||| |||| 00| 0 eng d
020 _a9780470169612
020 _a9780470169612
041 _aeng
080 _a579
245 _aCell and molecular biology:
_cGerald Karp;
942 _2udc
_cBK
999 _c2337
_d2337